000 00604nam a22002057a 4500
003 DO-SdBNP
005 20180409105412.0
008 151126b 1977 dr xxu||||| |||| 00| 0 spa d
040 _aBPMSU
_bspa
_cBPMSU
092 _axxxx
_bxxxx
100 1 _aGalván, Manuel de Jesús
245 1 0 _aEnriquillo /
_cManuel de Jesús Galván.
260 _aSanto Domingo
_bSusaeta Ediciones Dominicanas,
_c[1977].
300 _a93 p. :
_bil., mapas ;
_c21 cm.
500 _aEdición escolar
910 _a00260
942 _2ddc
_cBK
945 _aRemanejado para la BNPHU / BT
956 _aLorenza Pérez
_b10
999 _c8935
_d8935